Bollywood Actors / Actresses by Picture - #2 - Statistics

General Stats
  • This quiz has been taken 1,021 times
  • The average score is 11 of 16
Answer Stats
Picture Answer % Correct
Aamir Khan
97%
Kajol
97%
Alia Bhatt
93%
Ajay Devgn
90%
Ranveer Singh
90%
Katrina Kaif
88%
Shraddha Kapoor
86%
Arjun Kapoor
80%
Shilpa Shetty
79%
Juhi Chawla
70%
Karisma Kapoor
63%
Arjun Rampal
60%
Suniel Shetty
56%
Rajesh Khanna
36%
Dev Anand
31%
Zeenat Aman
23%
No matching quizzes found
Score Distribution
Percent of People with Each Score
Percentile by Number Answered
Your Score History
You have not taken this quiz